[Event "Lodz Jan Krzysztof Duda Cup"]
[Site "Lodz"]
[Date "2021.11.13"]
[Round "5"]
[White "Bednarski, Dawid"]
[Black "Przedmojski, Rafal"]
[Result "1/2-1/2"]
[WhiteElo "2008"]
[BlackElo "2357"]
[PlyCount "86"]
[EventDate "2021.11.13"]
[EventType "swiss (rapid)"]
[EventRounds "9"]
[EventCountry "POL"]
[SourceTitle "CBM 205 Extra"]
[Source "ChessBase"]
[SourceDate "2022.01.31"]
[SourceVersion "1"]
[SourceVersionDate "2022.01.31"]
[SourceQuality "1"]

1. e4 e5 2. Nf3 Nc6 3. Bc4 Nf6 4. d3 h6 5. c3 d6 6. h3 g6 7. Bb3 Bg7 8. 0-0 0-0 9. Be3 d5 10. exd5 Nxd5 11. Qd2 Kh7 12. Bc5 Re8 13. Re1 f5 14. c4 Nf4 15. Bc2 Ne6 16. Ba3 Ned4 17. Nxd4 Nxd4 18. Bd1 Be6 19. Nc3 Bxc4 20. dxc4 Nf3+ 21. Bxf3 Qxd2 22. Rad1 Qg5 23. Bxb7 Rab8 24. Bc6 Re6 25. Bd7 Ra6 26. Nd5 Rxa3 27. bxa3 e4 28. Nxc7 Rb2 29. Ne6 Qh4 30. g3 Qxh3 31. Rxe4 Rxf2 32. Kxf2 Qh2+ 33. Ke3 fxe4 34. Nf4 Qxa2 35. Be6 Qxa3+ 36. Kxe4 h5 37. Rd7 Kh6 38. Bd5 Bf8 39. Rf7 Bc5 40. Nd3 Bb6 41. Rf6 Kg5 42. Re6 Qc3 43. Re8 Qd4+ 1/2-1/2

[Event "Warsaw Szansa Rapid op"]
[Site "Warsaw"]
[Date "2021.09.11"]
[Round "8"]
[White "Przedmojski, Rafal"]
[Black "Malek, Jan"]
[Result "1-0"]
[WhiteElo "2357"]
[BlackElo "2029"]
[PlyCount "121"]
[EventDate "2021.09.11"]
[EventType "swiss (rapid)"]
[EventRounds "9"]
[EventCountry "POL"]
[SourceTitle "CBM 204 Extra"]
[Source "ChessBase"]
[SourceDate "2021.11.30"]
[SourceVersion "1"]
[SourceVersionDate "2021.11.30"]
[SourceQuality "1"]

1. d4 d5 2. c4 dxc4 3. Nf3 Nf6 4. Qa4+ Nbd7 5. Nc3 c6 6. Qxc4 e6 7. e4 Be7 8. Be2 0-0 9. 0-0 a6 10. e5 Nd5 11. Ne4 f5 12. exf6 N7xf6 13. Nc5 Qc7 14. Ng5 Bxc5 15. dxc5 e5 16. Bd3 h6 17. Ne4 Nxe4 18. Qxe4 Bf5 19. Qe2 e4 20. Bxe4 Rae8 21. Bxd5+ cxd5 22. Qd1 Qxc5 23. Be3 Qb5 24. Qd2 Qc6 25. Rad1 Be4 26. f3 Bf5 27. Rfe1 Kh7 28. Qxd5 Qxd5 29. Rxd5 Be6 30. Ra5 Rc8 31. Bxh6 Bf7 32. Bd2 Rc2 33. Bc3 Rd8 34. a3 Rd7 35. Rae5 Kg6 36. Re7 Rxe7 37. Rxe7 b5 38. Ra7 Bc4 39. Rxg7+ Kf5 40. h4 a5 41. Bxa5 Rxb2 42. Bb4 Re2 43. Kh2 Re6 44. Kg3 Ra6 45. Rg5+ Kf6 46. Kf4 Kf7 47. g4 Bd3 48. Ke3 Bc4 49. Rf5+ Kg7 50. h5 Re6+ 51. Kf4 Kh6 52. Bf8+ Kh7 53. g5 Bd3 54. Re5 Ra6 55. g6+ Kg8 56. Bb4 Ra8 57. Kg5 Rc8 58. h6 Bc2 59. f4 Bd3 60. f5 Bc4 61. Rc5 1-0

[Event "Warsaw Szansa Blitz op"]
[Site "Warsaw"]
[Date "2021.09.10"]
[Round "3"]
[White "Goslawski, Michal"]
[Black "Przedmojski, Rafal"]
[Result "1/2-1/2"]
[WhiteElo "2114"]
[BlackElo "2357"]
[PlyCount "136"]
[EventDate "2021.09.10"]
[EventType "swiss (blitz)"]
[EventRounds "11"]
[EventCountry "POL"]
[SourceTitle "CBM 204 Extra"]
[Source "ChessBase"]
[SourceDate "2021.11.30"]
[SourceVersion "1"]
[SourceVersionDate "2021.11.30"]
[SourceQuality "1"]

1. e4 e5 2. Nf3 Nc6 3. Bb5 Nf6 4. 0-0 Nxe4 5. Re1 Nd6 6. Nxe5 Nxe5 7. Rxe5+ Be7 8. Bf1 0-0 9. d4 Bf6 10. Re2 b6 11. Re1 Bb7 12. Bf4 Nf5 13. c3 d6 14. Qg4 Nh4 15. Nd2 Re8 16. Rxe8+ Qxe8 17. Bg5 Qe7 18. Bxf6 Qxf6 19. Re1 h6 20. Ne4 Qd8 21. Qf4 Ng6 22. Qd2 Qh4 23. g3 Qe7 24. Bg2 Qd8 25. Nf6+ Qxf6 26. Bxb7 Rb8 27. Bg2 Kf8 28. f4 Re8 29. Rxe8+ Kxe8 30. Qe3+ Qe7 31. Qxe7+ Kxe7 32. Kf2 Nf8 33. d5 Nd7 34. Ke3 Kf6 35. Bh3 Nf8 36. Kd4 g5 37. Bg4 gxf4 38. gxf4 Ng6 39. Ke4 Ne7 40. Kd4 Kg6 41. Be2 Kf5 42. Bh5 f6 43. c4 Kxf4 44. h3 Nf5+ 45. Kd3 Ke5 46. Bg4 Ng7 47. Bf3 f5 48. Ke3 Ne8 49. b3 Nf6 50. Be2 Nh7 51. Bd3 Ng5 52. Bf1 f4+ 53. Kf2 a5 54. h4 Ne4+ 55. Kg2 Nc3 56. a3 Nb1 57. a4 Nd2 58. Bd3 Nxb3 59. Kf3 Nc5 60. Be2 Kf5 61. Bd1 h5 62. Bc2+ Ke5 63. Bg6 Nxa4 64. Bxh5 Nc3 65. Be8 a4 66. Bxa4 Nxa4 67. h5 Nb2 68. h6 Kf6 1/2-1/2

[Event "Warsaw Szansa Blitz op"]
[Site "Warsaw"]
[Date "2021.09.10"]
[Round "2"]
[White "Przedmojski, Rafal"]
[Black "Kiljanski, Jedrzej"]
[Result "1-0"]
[WhiteElo "2357"]
[BlackElo "1745"]
[PlyCount "173"]
[EventDate "2021.09.10"]
[EventType "swiss (blitz)"]
[EventRounds "11"]
[EventCountry "POL"]
[SourceTitle "CBM 204 Extra"]
[Source "ChessBase"]
[SourceDate "2021.11.30"]
[SourceVersion "1"]
[SourceVersionDate "2021.11.30"]
[SourceQuality "1"]

1. d4 d5 2. Nf3 Nf6 3. Bf4 c6 4. e3 Nbd7 5. c4 e6 6. Nc3 Qa5 7. Nd2 Bb4 8. Qc2 dxc4 9. Bxc4 Nd5 10. Bxd5 exd5 11. 0-0 0-0 12. a3 Be7 13. b4 Qd8 14. b5 Nf6 15. bxc6 bxc6 16. Na4 Ba6 17. Rfc1 Rc8 18. Nc5 Bxc5 19. Qxc5 Qb6 20. Rab1 Qxc5 21. Rxc5 Bb5 22. h3 Nd7 23. Rc3 Nb6 24. Bd6 Rfe8 25. Bb4 Re6 26. Rbc1 Nc4 27. Nb3 h5 28. Nc5 Rf6 29. a4 a5 30. Ba3 Nxa3 31. Rxa3 Bc4 32. Rb1 Rg6 33. Raa1 f5 34. Kh2 h4 35. Rb7 Re8 36. Rab1 Ree6 37. Ra7 f4 38. Nxe6 Rxe6 39. exf4 Re2 40. f3 Ra2 41. Rxa5 Bd3 42. Rc1 Bc4 43. Ra8+ Kf7 44. a5 Kf6 45. a6 Kf5 46. a7 Kg6 47. Rb1 Bb5 48. f5+ Kg5 49. Re1 c5 50. dxc5 Bc6 51. Ree8 Bxe8 52. Rxe8 Rxa7 53. Re5 Rd7 54. c6 Rd8 55. c7 Rc8 56. Re7 d4 57. Rxg7+ Kxf5 58. Rd7 Ke6 59. Rxd4 Rxc7 60. Rxh4 Rg7 61. Rg4 Rh7 62. Kg3 Kf5 63. h4 Rh6 64. Rg5+ Kf6 65. Kg4 Rh8 66. g3 Rc8 67. f4 Rc4 68. Ra5 Kg7 69. h5 Rc6 70. Kg5 Kf7 71. f5 Rc3 72. g4 Rc7 73. h6 Kg8 74. Ra6 Kh7 75. Kh5 Rf7 76. Rb6 Rf8 77. Rb7+ Kh8 78. Kg5 Rg8+ 79. Kf4 Rf8 80. g5 Rc8 81. g6 Rc4+ 82. Kg5 Rc8 83. Re7 Kg8 84. g7 Kh7 85. Rf7 Rc6 86. Rf8 Rc8 87. g8Q# 1-0

[Event "POL-ch rapid"]
[Site "Zgierz"]
[Date "2018.03.04"]
[Round "8"]
[White "Grabarczyk, Miroslaw"]
[Black "Przedmojski, Rafal"]
[Result "1/2-1/2"]
[WhiteElo "2408"]
[BlackElo "2354"]
[PlyCount "88"]
[EventDate "2018.03.04"]
[EventType "swiss (rapid)"]
[EventRounds "9"]
[EventCountry "POL"]
[SourceTitle "CBM 183 Extra"]
[Source "ChessBase"]
[SourceDate "2018.04.19"]
[SourceVersion "1"]
[SourceVersionDate "2018.04.19"]
[SourceQuality "1"]

1. d4 d5 2. c4 e6 3. Nf3 c6 4. Qc2 Bd6 5. g3 Nf6 6. Bg2 0-0 7. 0-0 Nbd7 8. Nbd2 Qe7 9. b3 e5 10. dxe5 Nxe5 11. Bb2 dxc4 12. Nxe5 Bxe5 13. Bxe5 Qxe5 14. Nxc4 Qh5 15. Nd6 Rb8 16. Nxc8 Rfxc8 17. Rad1 Re8 18. e4 Qa5 19. h3 Rbd8 20. f4 g6 21. Kh2 Rxd1 22. Rxd1 Rd8 23. b4 Qb6 24. Rxd8+ Qxd8 25. Qc3 Nh5 26. a3 Qb6 27. Qd2 Qc7 28. e5 Ng7 29. a4 a6 30. a5 Kf8 31. h4 Ke8 32. Bh3 Ke7 33. Qd4 Ke8 34. Qa7 Ke7 35. Qa8 Ne6 36. Bxe6 Kxe6 37. Qf8 Qd7 38. Qc5 Qd2+ 39. Kh3 h5 40. Qb6 Qd7 41. Kg2 Qd5+ 42. Kh2 Qd2+ 43. Kh3 Qd5 44. Kh2 Kf5 1/2-1/2

[Event "POL-ch rapid"]
[Site "Zgierz"]
[Date "2018.03.04"]
[Round "3"]
[White "Przedmojski, Rafal"]
[Black "Chylewski, Patryk"]
[Result "0-1"]
[WhiteElo "2354"]
[BlackElo "2313"]
[PlyCount "21"]
[EventDate "2018.03.04"]
[EventType "swiss (rapid)"]
[EventRounds "9"]
[EventCountry "POL"]
[SourceTitle "CBM 183 Extra"]
[Source "ChessBase"]
[SourceDate "2018.04.19"]
[SourceVersion "1"]
[SourceVersionDate "2018.04.19"]
[SourceQuality "1"]

1. d4 Nf6 2. Nf3 d5 3. c4 e6 4. g3 Bb4+ 5. Nbd2 dxc4 6. Bg2 b5 7. a4 c6 8. 0-0 Bb7 9. Qc2 0-0 10. e4 Nbd7 11. Rd1 0-1

[Event "POL-ch rapid"]
[Site "Zgierz"]
[Date "2018.03.04"]
[Round "7"]
[White "Przedmojski, Rafal"]
[Black "Paprocki, Jaroslaw"]
[Result "1-0"]
[WhiteElo "2354"]
[BlackElo "2150"]
[PlyCount "153"]
[EventDate "2018.03.04"]
[EventType "swiss (rapid)"]
[EventRounds "9"]
[EventCountry "POL"]
[SourceTitle "CBM 183 Extra"]
[Source "ChessBase"]
[SourceDate "2018.04.19"]
[SourceVersion "1"]
[SourceVersionDate "2018.04.19"]
[SourceQuality "1"]

1. d4 Nf6 2. Nf3 e6 3. Bf4 d5 4. e3 Bd6 5. Bg3 Ne4 6. Nbd2 Nxg3 7. hxg3 Nd7 8. e4 dxe4 9. Nxe4 Nf6 10. Nxd6+ cxd6 11. Qd2 Bd7 12. Bd3 Bc6 13. 0-0-0 h6 14. Kb1 Qe7 15. Qa5 Qd8 16. Qxd8+ Kxd8 17. Rhe1 Rc8 18. c4 Kc7 19. d5 Bd7 20. dxe6 fxe6 21. Nd4 e5 22. Nc2 Bc6 23. f3 Rcd8 24. Nb4 Rhe8 25. g4 Nd7 26. Bg6 Rf8 27. Be4 Nb6 28. b3 a5 29. Nd5+ Bxd5 30. Bxd5 Nd7 31. Kb2 Nc5 32. a3 Rf6 33. b4 axb4 34. axb4 Ne6 35. Bxe6 Rxe6 36. Kb3 Ra8 37. Rd2 Rae8 38. Re4 Rf8 39. Rde2 Rg6 40. Ra2 h5 41. gxh5 Rg5 42. Rh4 Rf4 43. Rxf4 exf4 44. Re2 Kc6 45. Re4 Rxg2 46. Rxf4 Rg3 47. Ka4 Rg5 48. Rf7 Rxh5 49. Rxg7 Rf5 50. Rg3 b5+ 51. cxb5+ Rxb5 52. f4 Rf5 53. Rf3 Kd5 54. Rd3+ Kc6 55. Rd4 Rh5 56. Rd2 Rf5 57. Rc2+ Kb6 58. Rd2 Kc6 59. Rd4 Rh5 60. Kb3 Rh3+ 61. Kc4 Rf3 62. b5+ Kc7 63. Kd5 Rb3 64. Ke6 Rxb5 65. Rxd6 Rb1 66. Rd4 Kc6 67. f5 Re1+ 68. Kf7 Kc5 69. Rd2 Kc6 70. f6 Kc7 71. Kf8 Rg1 72. f7 Rg3 73. Rd4 Rf3 74. Kg7 Rg3+ 75. Kf6 Rf3+ 76. Kg6 Rf1 77. Rd5 1-0

[Event "POL-ch rapid"]
[Site "Zgierz"]
[Date "2018.03.04"]
[Round "5"]
[White "Przedmojski, Rafal"]
[Black "Sanz Wawer, Daniel"]
[Result "1/2-1/2"]
[WhiteElo "2354"]
[BlackElo "2202"]
[PlyCount "149"]
[EventDate "2018.03.04"]
[EventType "swiss (rapid)"]
[EventRounds "9"]
[EventCountry "POL"]
[SourceTitle "CBM 183 Extra"]
[Source "ChessBase"]
[SourceDate "2018.04.19"]
[SourceVersion "1"]
[SourceVersionDate "2018.04.19"]
[SourceQuality "1"]

1. d4 d5 2. c4 c6 3. Nf3 Nf6 4. Nc3 e6 5. Qb3 Nbd7 6. g3 Bd6 7. Bg2 0-0 8. 0-0 Qe7 9. Bf4 dxc4 10. Qxc4 e5 11. dxe5 Nxe5 12. Nxe5 Bxe5 13. Bxe5 Qxe5 14. Rad1 Be6 15. Qd4 Qc7 16. h3 Rfd8 17. Qc5 Nd7 18. Qe7 Re8 19. Qh4 Rad8 20. Rd4 Nf6 21. Rfd1 Qc8 22. e3 Rxd4 23. Qxd4 Bxh3 24. Qxa7 Bxg2 25. Kxg2 Qc7 26. Qd4 Re7 27. Qd8+ Qxd8 28. Rxd8+ Re8 29. Rd4 Kf8 30. a4 Ke7 31. Rb4 Rb8 32. e4 Kd6 33. b3 Nd7 34. Rd4+ Ke7 35. f4 Rd8 36. b4 Nb6 37. Rxd8 Kxd8 38. Kf3 Ke7 39. e5 f6 40. Ke4 fxe5 41. Kxe5 Nd7+ 42. Kd4 h6 43. a5 Kd6 44. Ne4+ Kc7 45. f5 b6 46. a6 Kb8 47. Nd6 c5+ 48. bxc5 bxc5+ 49. Kd5 Ka7 50. Ne8 Kxa6 51. Nxg7 Kb5 52. Ne6 c4 53. Nd4+ Kb4 54. Nc6+ Kb5 55. Nd4+ Kb4 56. Nc6+ Kb5 57. Nd4+ Kb4 58. Ke6 Nc5+ 59. Ke7 Ne4 60. f6 Nxf6 61. Kxf6 Kc3 62. Nb5+ Kb4 63. Nd4 Kc3 64. Nc6 Kd2 65. g4 c3 66. Nb4 Ke2 67. Kg6 Kf3 68. Kh5 Kg3 69. Nc2 Kf4 70. Kh4 Kf3 71. Kh3 Kf4 72. Ne1 h5 73. gxh5 Kg5 74. Kg3 Kxh5 75. Kf3 1/2-1/2

[Event "EU-ch rapid"]
[Site "Katowice"]
[Date "2017.12.16"]
[Round "6"]
[White "Bosiocic, Marin"]
[Black "Przedmojski, Rafal"]
[Result "1-0"]
[WhiteElo "2624"]
[BlackElo "2354"]
[PlyCount "69"]
[EventDate "2017.12.16"]
[EventType "swiss (rapid)"]
[EventRounds "11"]
[EventCountry "POL"]
[SourceTitle "CBM 182 Extra"]
[Source "ChessBase"]
[SourceDate "2018.02.23"]
[SourceVersion "1"]
[SourceVersionDate "2018.02.23"]
[SourceQuality "1"]

1. d4 d5 2. Nf3 e6 3. e3 Bd6 4. b3 c6 5. Bd3 f5 6. 0-0 Nf6 7. Ba3 Bxa3 8. Nxa3 0-0 9. c4 Qe7 10. Nc2 a5 11. Nce1 Bd7 12. Ne5 Be8 13. cxd5 cxd5 14. Rc1 Qd6 15. Be2 Nfd7 16. Nxd7 Bxd7 17. Nd3 Nc6 18. Nc5 Rfb8 19. Bb5 Be8 20. a4 b6 21. Bxc6 Bxc6 22. Nd3 b5 23. Rc5 Be8 24. Qc2 h6 25. h3 Ra7 26. Rc1 bxa4 27. bxa4 Qd7 28. Rc8 Raa8 29. Rc7 Qxa4 30. Qc5 Bf7 31. Ne5 Rf8 32. Nd7 Qb4 33. Qxb4 axb4 34. Nxf8 Kxf8 35. Rb7 1-0

[Event "POL-ch (Public Admin) 3rd rapid"]
[Site "Warsaw"]
[Date "2017.12.09"]
[Round "4.3"]
[White "Przedmojski, Rafal"]
[Black "Niedbala, Rafal"]
[Result "1-0"]
[WhiteElo "2243"]
[BlackElo "2110"]
[PlyCount "127"]
[EventDate "2017.12.09"]
[EventType "swiss (rapid)"]
[EventRounds "9"]
[EventCountry "POL"]
[SourceTitle "CBM 182 Extra"]
[Source "ChessBase"]
[SourceDate "2018.02.23"]
[SourceVersion "1"]
[SourceVersionDate "2018.02.23"]
[SourceQuality "1"]

1. d4 d5 2. c4 e6 3. g3 Nf6 4. Bg2 c5 5. cxd5 exd5 6. Nf3 Nc6 7. 0-0 Be7 8. dxc5 Bxc5 9. a3 0-0 10. b4 Bb6 11. Nc3 Be6 12. Bb2 h6 13. Na4 Ne4 14. Nd4 Bxd4 15. Bxd4 Nxd4 16. Qxd4 Qd7 17. Bxe4 dxe4 18. Qxd7 Bxd7 19. Nc3 Bf5 20. Rfc1 Rfd8 21. Kf1 a6 22. Ke1 Rd6 23. Nd1 b5 24. Rc5 Be6 25. Rac1 Rad8 26. Rc6 Bc4 27. Rxd6 Rxd6 28. Ne3 Be6 29. Rd1 Rc6 30. Rd8+ Kh7 31. Kd2 a5 32. Ra8 Rd6+ 33. Kc3 a4 34. Rb8 Bd7 35. Rb7 Kg6 36. Rc7 f5 37. Rc5 Kg5 38. h4+ Kf6 39. Nd5+ Kf7 40. Ne3 g6 41. Rd5 Rc6+ 42. Kd4 Rc7 43. Rc5 Rb7 44. Ke5 Be6 45. h5 Bd7 46. hxg6+ Kxg6 47. Nd5 Be8 48. Nc7 Bf7 49. Nxb5 Kg5 50. Nc7 Bh5 51. e3 Kg4 52. b5 Bg6 53. Rc6 Bf7 54. b6 h5 55. Rf6 Bc4 56. Kd4 Bd3 57. Kc5 Kg5 58. Rf8 h4 59. gxh4+ Kxh4 60. Kc6 Rxb6+ 61. Kxb6 Kg4 62. Nd5 Bc4 63. Ne7 Be6 64. Kc5 1-0

[Event "POL-ch (Public Admin) 3rd rapid"]
[Site "Warsaw"]
[Date "2017.12.09"]
[Round "7.3"]
[White "Waruga, Wojciech"]
[Black "Przedmojski, Rafal"]
[Result "0-1"]
[WhiteElo "1992"]
[BlackElo "2243"]
[PlyCount "64"]
[EventDate "2017.12.09"]
[EventType "swiss (rapid)"]
[EventRounds "9"]
[EventCountry "POL"]
[SourceTitle "CBM 182 Extra"]
[Source "ChessBase"]
[SourceDate "2018.02.23"]
[SourceVersion "1"]
[SourceVersionDate "2018.02.23"]
[SourceQuality "1"]

1. e4 c5 2. c3 Nf6 3. e5 Nd5 4. d4 cxd4 5. cxd4 Nc6 6. Bc4 Nb6 7. Bb3 d5 8. Nc3 Bf5 9. g4 Be4 10. f3 Bg6 11. Nge2 e6 12. h4 h5 13. g5 Rc8 14. Nf4 Bf5 15. Be3 g6 16. Kf2 Bb4 17. Nce2 Na5 18. Ba4+ Kf8 19. Ng3 Nac4 20. Nxf5 exf5 21. Qb3 Be7 22. Bb5 Kg7 23. Rac1 a6 24. Bxc4 dxc4 25. Qd1 Nd5 26. b3 c3 27. Nd3 b5 28. Qe1 b4 29. Rc2 a5 30. Qe2 Qd7 31. Rd1 Rhd8 32. Nc5 Qc6 0-1

[Event "Warsaw Najdorf Memorial op-A 15th"]
[Site "Warsaw"]
[Date "2017.07.14"]
[Round "6"]
[White "Fieberg, Samuel"]
[Black "Przedmojski, Rafal"]
[Result "0-1"]
[WhiteElo "2169"]
[BlackElo "2355"]
[PlyCount "100"]
[EventDate "2017.07.09"]
[EventType "swiss"]
[EventRounds "9"]
[EventCountry "POL"]
[SourceTitle "CBM 179 Extra"]
[Source "ChessBase"]
[SourceDate "2017.08.23"]
[SourceVersion "1"]
[SourceVersionDate "2017.08.23"]
[SourceQuality "1"]

1. e4 c5 2. Nf3 Nc6 3. d4 cxd4 4. Nxd4 e5 5. Nb5 d6 6. N1c3 a6 7. Na3 Be7 8. Nc4 b5 9. Ne3 Nf6 10. g3 0-0 11. Bg2 Rb8 12. 0-0 b4 13. Ncd5 Nxd5 14. Nxd5 Bg5 15. Bxg5 Qxg5 16. Qd3 a5 17. a3 bxa3 18. Qxa3 Rd8 19. h4 Qg4 20. Rfd1 Qd7 21. c3 Qb7 22. Rd2 Be6 23. Ne3 g6 24. Kh2 Qc7 25. Nd5 Qb7 26. Bf1 f5 27. Bc4 Qf7 28. Qa2 Kf8 29. exf5 gxf5 30. Ne3 Ke7 31. Nd5+ Kf8 32. Qa4 Rdc8 33. Ne3 Ke7 34. Ba6 Rc7 35. Rad1 f4 36. Nc4 Qf5 37. Nxd6 fxg3+ 38. Kg1 gxf2+ 39. Rxf2 Rg8+ 40. Rg2 Rxg2+ 41. Kxg2 Qh3+ 42. Kf2 Qh2+ 43. Kf3 Nd4+ 44. cxd4 Qf4+ 45. Kg2 Bd5+ 46. Kg1 Qg3+ 47. Kf1 Bg2+ 48. Ke2 Bf3+ 49. Kd3 Bc6+ 50. Kd2 Qf4+ 0-1

[Event "Warsaw Najdorf Memorial op-A 15th"]
[Site "Warsaw"]
[Date "2017.07.11"]
[Round "3"]
[White "Przedmojski, Rafal"]
[Black "Socko, Monika"]
[Result "0-1"]
[WhiteElo "2355"]
[BlackElo "2480"]
[PlyCount "82"]
[EventDate "2017.07.09"]
[EventType "swiss"]
[EventRounds "9"]
[EventCountry "POL"]
[SourceTitle "CBM 179 Extra"]
[Source "ChessBase"]
[SourceDate "2017.08.23"]
[SourceVersion "1"]
[SourceVersionDate "2017.08.23"]
[SourceQuality "1"]

1. d4 Nf6 2. c4 g6 3. Nc3 Bg7 4. e4 d6 5. f3 0-0 6. Be3 Nc6 7. Nge2 a6 8. Qd2 Bd7 9. b3 b5 10. cxb5 axb5 11. Rc1 Nb8 12. Nf4 c6 13. Be2 Na6 14. Nd3 Qb8 15. 0-0 Rd8 16. Rfd1 Ne8 17. Bf1 Nec7 18. Kh1 Be8 19. Qf2 b4 20. Ne2 Nb5 21. h3 Rc8 22. Rd2 Qa7 23. g4 Qb7 24. Bg2 Rd8 25. f4 Rac8 26. e5 Nbc7 27. f5 dxe5 28. dxe5 Nd5 29. Bd4 Bh6 30. Ndf4 Nac7 31. h4 Nxf4 32. Nxf4 Nb5 33. Rcd1 Nxd4 34. Rxd4 Qb6 35. g5 Bf8 36. f6 exf6 37. exf6 Bd6 38. Bh3 Rb8 39. Qd2 Bc7 40. Qe3 Rxd4 41. Qxd4 Rd8 0-1

[Event "Warsaw Najdorf Memorial op-A 15th"]
[Site "Warsaw"]
[Date "2017.07.09"]
[Round "1"]
[White "Przedmojski, Rafal"]
[Black "Mis, Mieszko"]
[Result "1-0"]
[WhiteElo "2355"]
[BlackElo "2137"]
[PlyCount "163"]
[EventDate "2017.07.09"]
[EventType "swiss"]
[EventRounds "9"]
[EventCountry "POL"]
[SourceTitle "CBM 179 Extra"]
[Source "ChessBase"]
[SourceDate "2017.08.23"]
[SourceVersion "1"]
[SourceVersionDate "2017.08.23"]
[SourceQuality "1"]

1. d4 d5 2. c4 c6 3. Nf3 Nf6 4. Nc3 dxc4 5. a4 Bf5 6. Ne5 Nbd7 7. Nxc4 Qc7 8. g3 e5 9. dxe5 Nxe5 10. Bf4 Nfd7 11. Nxe5 Nxe5 12. Bg2 Bd6 13. 0-0 0-0 14. Ne4 Bxe4 15. Bxe4 Rad8 16. Qc2 Ng6 17. Bg5 Be7 18. Be3 a5 19. Rfd1 Rxd1+ 20. Rxd1 Rd8 21. Kg2 Rxd1 22. Qxd1 Nf8 23. Qc2 h6 24. Qc4 Qe5 25. b3 Ne6 26. f4 Qd6 27. Bb6 Bd8 28. Bf2 Be7 29. Qc3 Qb4 30. Qxb4 Bxb4 31. Kf3 Kf8 32. Bc2 Ke7 33. h4 f6 34. h5 Bc5 35. e3 Bb4 36. Ke4 Nf8 37. Kd4 Kd6 38. Bf5 Bc5+ 39. Ke4 Ne6 40. Bxe6 Kxe6 41. g4 Bb4 42. Bh4 b5 43. Kd3 Kf7 44. Bf2 Ke6 45. e4 Kd6 46. Be3 Ke6 47. Bc1 Bd6 48. Bd2 Bc7 49. Bc3 Kf7 50. Ke3 Bb6+ 51. Kf3 Bc7 52. Bd4 Bd6 53. Bb6 Bb4 54. Bc7 Bc3 55. Ke3 Ke6 56. Kd3 Bb4 57. e5 fxe5 58. Bxe5 Kf7 59. Ke4 g6 60. Bc7 gxh5 61. gxh5 Bc3 62. Bb6 Bd2 63. Ke5 Bb4 64. Be3 bxa4 65. bxa4 Bc3+ 66. Kd6 Kf6 67. Kxc6 Kf5 68. Kd5 Bb4 69. Bc1 Bc3 70. Kd6 Kg4 71. Ke6 Kxh5 72. f5 Bb4 73. Bf4 Bf8 74. Bc7 Bb4 75. Bd8 Kg4 76. f6 h5 77. f7 Bf8 78. Bxa5 Kg5 79. Bd8+ Kg6 80. a5 Kg7 81. Bf6+ Kg6 82. a6 1-0

[Event "Katowice POL-HUN 5th"]
[Site "Katowice"]
[Date "2017.05.21"]
[Round "9"]
[White "Klekowski, Maciej"]
[Black "Przedmojski, Rafal"]
[Result "1-0"]
[WhiteElo "2473"]
[BlackElo "2355"]
[PlyCount "113"]
[EventDate "2017.05.20"]
[EventType "swiss (rapid)"]
[EventRounds "9"]
[EventCountry "POL"]
[SourceTitle "CBM 178 Extra"]
[Source "ChessBase"]
[SourceDate "2017.06.22"]
[SourceVersion "1"]
[SourceVersionDate "2017.06.22"]
[SourceQuality "1"]

1. c4 e6 2. Nf3 d5 3. g3 c6 4. Qc2 Nf6 5. Bg2 Nbd7 6. d4 b6 7. 0-0 Bb7 8. Nc3 Rc8 9. Rd1 Bb4 10. a3 Bxc3 11. Qxc3 Qe7 12. b3 0-0 13. Bb2 Rfd8 14. Qe3 c5 15. dxc5 Nxc5 16. Nd4 Rd7 17. Rac1 dxc4 18. Bxb7 Nxb7 19. bxc4 Nc5 20. Nf3 Rcd8 21. Rxd7 Qxd7 22. Bd4 Nfe4 23. Kg2 f6 24. Rc2 e5 25. Bxc5 Nxc5 26. Rd2 Qc7 27. Rd5 Rxd5 28. cxd5 e4 29. Nd4 Qe5 30. Nc6 Qc7 31. Qd4 Kf7 32. f3 exf3+ 33. Kxf3 Qd7 34. Kg2 Qe8 35. Kf3 Qd7 36. g4 h5 37. h3 hxg4+ 38. hxg4 Qe8 39. Qf4 Kg6 40. Qf5+ Kf7 41. g5 Kg8 42. gxf6 gxf6 43. Qxf6 Qh5+ 44. Ke3 Qh3+ 45. Qf3 Qh6+ 46. Kd4 Qg7+ 47. Ne5 Qg1+ 48. Kc4 Qc1+ 49. Qc3 Qf4+ 50. Qd4 Qc1+ 51. Kb5 Qxa3 52. Qg4+ Kf8 53. Qf5+ Ke7 54. Qf7+ Kd8 55. Nc6+ Kc8 56. Qe8+ Kc7 57. Qd8+ 1-0

[Event "Katowice POL-HUN 5th"]
[Site "Katowice"]
[Date "2017.05.21"]
[Round "6"]
[White "Przedmojski, Rafal"]
[Black "Lis, Mateusz"]
[Result "1-0"]
[WhiteElo "2355"]
[BlackElo "2139"]
[PlyCount "129"]
[EventDate "2017.05.20"]
[EventType "swiss (rapid)"]
[EventRounds "9"]
[EventCountry "POL"]
[SourceTitle "CBM 178 Extra"]
[Source "ChessBase"]
[SourceDate "2017.06.22"]
[SourceVersion "1"]
[SourceVersionDate "2017.06.22"]
[SourceQuality "1"]

1. d4 Nf6 2. c4 d6 3. Nc3 Nbd7 4. e4 g6 5. Be3 Bg7 6. f3 0-0 7. Qd2 c5 8. Nge2 a6 9. Bh6 b5 10. Bxg7 Kxg7 11. cxb5 axb5 12. Nxb5 Ba6 13. Nec3 Qb6 14. d5 Rfb8 15. a4 Qa5 16. Be2 Bxb5 17. Bxb5 Rxb5 18. Nxb5 Qxb5 19. axb5 Rxa1+ 20. Ke2 Rxh1 21. Qa5 Rc1 22. Kd2 Rc4 23. Qd8 Rb4 24. Qxe7 Ne5 25. Kc3 Nc4 26. b6 Nxb6 27. Qxd6 Na4+ 28. Kc2 Rxb2+ 29. Kc1 Ra2 30. e5 Ng8 31. e6 c4 32. exf7 Kxf7 33. Qc7+ Ke8 34. Qxc4 Ra3 35. Qc8+ Kf7 36. Qe6+ Kg7 37. d6 Rc3+ 38. Kb1 Rd3 39. Qd7+ Kf8 40. Qc8+ Kg7 41. d7 Nb6 42. d8Q Nxc8 43. Qxd3 Nce7 44. g4 h6 45. Qd6 Kf7 46. Kc1 Nf6 47. Kd1 Ne8 48. Qf4+ Kg7 49. Qe3 Kf7 50. Qxh6 Ng7 51. Qf4+ Ke8 52. Qe5 Kf7 53. Ke1 Ne8 54. h4 Ng7 55. Kf2 Ne8 56. h5 gxh5 57. Qxh5+ Kf8 58. f4 Nf6 59. Qh4 Kf7 60. Kf3 Ng6 61. Qg5 Ne7 62. Qa5 Ng6 63. Qa7+ Ne7 64. f5 Nfd5 65. g5 1-0

[Event "Katowice POL-HUN 5th"]
[Site "Katowice"]
[Date "2017.05.20"]
[Round "2"]
[White "Przedmojski, Rafal"]
[Black "Bartkiewicz, Pawel"]
[Result "1-0"]
[WhiteElo "2355"]
[BlackElo "1774"]
[PlyCount "129"]
[EventDate "2017.05.20"]
[EventType "swiss (rapid)"]
[EventRounds "9"]
[EventCountry "POL"]
[SourceTitle "CBM 178 Extra"]
[Source "ChessBase"]
[SourceDate "2017.06.22"]
[SourceVersion "1"]
[SourceVersionDate "2017.06.22"]
[SourceQuality "1"]

1. d4 d5 2. c4 dxc4 3. Nf3 Nf6 4. Qa4+ c6 5. Qxc4 Bf5 6. g3 e6 7. Bg2 h6 8. 0-0 Bd6 9. Nc3 0-0 10. Re1 Ne4 11. Nh4 Nxc3 12. bxc3 Bh7 13. e4 e5 14. dxe5 Bxe5 15. Nf3 Bc7 16. Ba3 Re8 17. Rad1 Qc8 18. e5 Na6 19. Bd6 Bb6 20. Nd4 Bxd4 21. cxd4 Bf5 22. d5 Bd7 23. dxc6 Bxc6 24. Bxc6 Qxc6 25. Qxc6 bxc6 26. Rc1 Rac8 27. Re4 c5 28. Rec4 Rc6 29. f4 Rec8 30. a3 f6 31. Kg2 Kf7 32. Kf3 Ke6 33. g4 fxe5 34. Bxe5 g6 35. Ke4 Rb6 36. f5+ gxf5+ 37. gxf5+ Ke7 38. Rg1 Rf8 39. Rg6 Rxg6 40. fxg6 Rc8 41. Kd5 Nc7+ 42. Bxc7 Rxc7 43. Rxc5 Rxc5+ 44. Kxc5 Kf6 45. Kb5 Kxg6 46. Ka6 Kg5 47. Kxa7 Kg4 48. Kb6 Kh3 49. a4 Kxh2 50. a5 h5 51. a6 h4 52. a7 h3 53. a8Q Kg1 54. Qa1+ Kg2 55. Qb2+ Kg1 56. Qc1+ Kg2 57. Qd2+ Kg1 58. Qg5+ Kh1 59. Qc1+ Kg2 60. Qd2+ Kg1 61. Qe1+ Kg2 62. Qe2+ Kh1 63. Qf3+ Kh2 64. Kc5 Kg1 65. Qxh3 1-0